| 000 | 00463nam a22001217a 4500 | ||
|---|---|---|---|
| 008 | 110927t xxu||||| |||| 00| 0 eng d | ||
| 050 |
_aBS192 _b.N49 1970 |
||
| 245 | _aThe New English Bible with the Apocrypha/ | ||
| 260 |
_aLondon, _b Oxford U.P., _c1970. |
||
| 300 |
_axxi, 336 p. _c 21 cm. |
||
| 942 |
_2lcc _cBK |
||
| 999 |
_c39390 _d39390 |
||